[Event "Grand Swiss "]
[Date "2025.09.05"]
[White "Lagarde, Maxime"]
[Black "Bluebaum, Matthias"]
[WhiteElo "2609"]
[BlackElo "2671"]
[Round "2.2.32"]
[Result "1/2-1/2"]

1. e4 {[%clk 01:40:58] [%emt 00:00:03]} c6 {[%clk 01:40:54] [%emt 00:00:05]} 2.
Nc3 {[%clk 01:40:45] [%emt 00:00:43]} d5 {[%clk 01:41:18] [%emt 00:00:06]} 3.
Nf3 {[%clk 01:41:12] [%emt 00:00:03]} Bg4 {[%clk 01:41:26] [%emt 00:00:21]} 4.
h3 {[%clk 01:41:38] [%emt 00:00:05]} Bxf3 {[%clk 01:41:47] [%emt 00:00:09]} 5.
Qxf3 {[%clk 01:42:03] [%emt 00:00:05]} e6 {[%clk 01:42:10] [%emt 00:00:07]} 6.
Be2 {[%clk 01:42:22] [%emt 00:00:11]} Nf6 {[%clk 01:41:50] [%emt 00:00:50]} 7.
O-O {[%clk 01:40:23] [%emt 00:02:30]} Be7 {[%clk 01:42:12] [%emt 00:00:08]} 8.
d4 {[%clk 01:35:29] [%emt 00:05:24]} dxe4 {[%clk 01:40:58] [%emt 00:01:44]} 9.
Qe3 {[%clk 01:35:51] [%emt 00:00:07]} O-O {[%clk 01:41:04] [%emt 00:00:24]} 10.
Nxe4 {[%clk 01:36:14] [%emt 00:00:08]} Nxe4 {[%clk 01:41:29] [%emt 00:00:04]}
11. Qxe4 {[%clk 01:36:41] [%emt 00:00:03]} Nd7 {[%clk 01:41:50] [%emt 00:00:09]}
12. c3 {[%clk 01:33:08] [%emt 00:04:03]} a5 {[%clk 01:41:43] [%emt 00:00:38]}
13. a4 {[%clk 01:33:25] [%emt 00:00:13]} Nf6 {[%clk 01:41:56] [%emt 00:00:17]}
14. Qc2 {[%clk 01:33:34] [%emt 00:00:20]} Nd5 {[%clk 01:42:20] [%emt 00:00:06]}
15. Bf3 {[%clk 01:33:31] [%emt 00:00:33]} Bg5 {[%clk 01:38:53] [%emt 00:03:56]}
16. Bxd5 {[%clk 01:23:18] [%emt 00:10:44]} exd5 {[%clk 01:33:09] [%emt
00:06:14]} 17. Bxg5 {[%clk 01:22:17] [%emt 00:01:32]} Qxg5 {[%clk 01:33:16]
[%emt 00:00:22]} 18. Rfe1 {[%clk 01:22:23] [%emt 00:00:24]} Qd8 {[%clk 01:28:51]
[%emt 00:04:55]} 19. Re2 {[%clk 01:17:30] [%emt 00:05:24]} Re8 {[%clk 01:23:30]
[%emt 00:05:50]} 20. Rae1 {[%clk 01:17:21] [%emt 00:00:40]} Rxe2 {[%clk
01:20:56] [%emt 00:03:04]} 21. Rxe2 {[%clk 01:17:03] [%emt 00:00:48]} Qd7 {[%clk
01:18:07] [%emt 00:03:17]} 22. Re3 {[%clk 01:10:33] [%emt 00:07:01]} Re8 {[%clk
01:15:31] [%emt 00:03:06]} 23. Qf5 {[%clk 01:06:54] [%emt 00:04:09]} Qd8 {[%clk
01:15:03] [%emt 00:00:58]} 24. Rxe8+ {[%clk 01:06:56] [%emt 00:00:29]} Qxe8
{[%clk 01:15:28] [%emt 00:00:04]} 25. Kf1 {[%clk 01:07:08] [%emt 00:00:18]} g6
{[%clk 01:15:26] [%emt 00:00:32]} 26. Qf4 {[%clk 01:07:24] [%emt 00:00:13]} Qd8
{[%clk 01:13:51] [%emt 00:02:06]} 27. Qe5 {[%clk 01:05:19] [%emt 00:02:35]} Qb6
{[%clk 01:13:54] [%emt 00:00:27]} 28. Qe8+ {[%clk 01:05:22] [%emt 00:00:27]} Kg7
{[%clk 01:14:19] [%emt 00:00:05]} 29. Qe5+ {[%clk 01:05:47] [%emt 00:00:05]} Kg8
{[%clk 01:14:21] [%emt 00:00:28]} 30. Qe8+ {[%clk 01:06:14] [%emt 00:00:04]} Kg7
{[%clk 01:14:46] [%emt 00:00:05]} 1/2-1/2

[Site "Europe Echecs"]

[Event "Grand Swiss "]
[Date "2025.09.05"]
[White "Murzin, Volodar"]
[Black "Matlakov, Maxim"]
[WhiteElo "2670"]
[BlackElo "2609"]
[Round "2.2.33"]
[Result "1/2-1/2"]

1. e4 {[%clk 01:40:57] [%emt 00:00:03]} c5 {[%clk 01:40:50] [%emt 00:00:10]} 2.
Nf3 {[%clk 01:41:22] [%emt 00:00:05]} d6 {[%clk 01:41:12] [%emt 00:00:08]} 3.
Bb5+ {[%clk 01:41:48] [%emt 00:00:05]} Bd7 {[%clk 01:40:24] [%emt 00:01:18]} 4.
c4 {[%clk 01:42:11] [%emt 00:00:07]} Nc6 {[%clk 01:40:12] [%emt 00:00:42]} 5.
Nc3 {[%clk 01:42:34] [%emt 00:00:07]} e5 {[%clk 01:40:21] [%emt 00:00:20]} 6. d3
{[%clk 01:42:58] [%emt 00:00:06]} Be7 {[%clk 01:40:39] [%emt 00:00:12]} 7. a3
{[%clk 01:35:19] [%emt 00:08:10]} a5 {[%clk 01:37:08] [%emt 00:04:00]} 8. h3
{[%clk 01:28:39] [%emt 00:07:11]} f5 {[%clk 01:32:23] [%emt 00:05:15]} 9. exf5
{[%clk 01:23:18] [%emt 00:05:51]} Bxf5 {[%clk 01:32:12] [%emt 00:00:40]} 10. Be3
{[%clk 01:23:42] [%emt 00:00:06]} Nf6 {[%clk 01:29:36] [%emt 00:03:06]} 11. g4
{[%clk 01:17:15] [%emt 00:06:57]} Be6 {[%clk 01:21:41] [%emt 00:08:25]} 12. Ng5
{[%clk 01:06:59] [%emt 00:10:47]} Bd7 {[%clk 01:13:33] [%emt 00:08:38]} 13. Nge4
{[%clk 01:02:45] [%emt 00:04:44]} O-O {[%clk 01:07:41] [%emt 00:06:22]} 14. Qa4
{[%clk 00:53:15] [%emt 00:09:59]} Nxe4 {[%clk 00:52:25] [%emt 00:15:45]} 15.
Nxe4 {[%clk 00:53:17] [%emt 00:00:28]} Qc7 {[%clk 00:47:24] [%emt 00:05:32]} 16.
Nc3 {[%clk 00:40:26] [%emt 00:13:21]} Be6 {[%clk 00:37:55] [%emt 00:09:59]} 17.
Nd5 {[%clk 00:30:28] [%emt 00:10:27]} Bxd5 {[%clk 00:36:50] [%emt 00:01:35]} 18.
cxd5 {[%clk 00:30:56] [%emt 00:00:02]} Nd4 {[%clk 00:36:28] [%emt 00:00:52]} 19.
h4 {[%clk 00:26:36] [%emt 00:04:51]} Bxh4 {[%clk 00:30:11] [%emt 00:06:47]} 20.
Bxd4 {[%clk 00:21:23] [%emt 00:05:42]} exd4 {[%clk 00:30:10] [%emt 00:00:32]}
21. O-O-O {[%clk 00:21:47] [%emt 00:00:05]} Bg5+ {[%clk 00:27:03] [%emt
00:03:37]} 22. Kb1 {[%clk 00:22:12] [%emt 00:00:05]} Rxf2 {[%clk 00:27:22] [%emt
00:00:11]} 23. Ka1 {[%clk 00:15:59] [%emt 00:06:44]} Raf8 {[%clk 00:21:47] [%emt
00:06:05]} 24. Bd7 {[%clk 00:15:44] [%emt 00:00:45]} g6 {[%clk 00:17:29] [%emt
00:04:47]} 25. Qb5 {[%clk 00:15:56] [%emt 00:00:18]} Kg7 {[%clk 00:16:47] [%emt
00:01:12]} 26. Be6 {[%clk 00:14:30] [%emt 00:01:56]} h6 {[%clk 00:08:25] [%emt
00:08:53]} 27. Rhg1 {[%clk 00:12:50] [%emt 00:02:09]} Bf4 {[%clk 00:06:31] [%emt
00:02:23]} 28. Rgf1 {[%clk 00:13:03] [%emt 00:00:18]} Be5 {[%clk 00:06:16] [%emt
00:00:45]} 29. Rxf2 {[%clk 00:13:28] [%emt 00:00:06]} Rxf2 {[%clk 00:06:43]
[%emt 00:00:03]} 30. Qe8 {[%clk 00:13:52] [%emt 00:00:05]} Rf8 {[%clk 00:06:54]
[%emt 00:00:19]} 31. Qb5 {[%clk 00:14:18] [%emt 00:00:05]} Ra8 {[%clk 00:03:35]
[%emt 00:03:49]} 32. Ka2 {[%clk 00:13:28] [%emt 00:01:19]} Bf6 {[%clk 00:02:35]
[%emt 00:01:30]} 33. Rf1 {[%clk 00:10:58] [%emt 00:03:00]} a4 {[%clk 00:01:25]
[%emt 00:01:41]} 34. Rf3 {[%clk 00:10:53] [%emt 00:00:34]} Qe7 {[%clk 00:01:11]
[%emt 00:00:44]} 35. Rf1 {[%clk 00:10:36] [%emt 00:00:48]} Qc7 {[%clk 00:01:18]
[%emt 00:00:22]} 36. Rf3 {[%clk 00:10:57] [%emt 00:00:09]} Qe7 {[%clk 00:01:05]
[%emt 00:00:44]} 37. Rf1 {[%clk 00:08:48] [%emt 00:02:27]} Rb8 {[%clk 00:01:56]
[%emt 00:03:57]} 38. Rf3 {[%clk 00:08:30] [%emt 00:00:49]} Qe8 {[%clk 00:01:12]
[%emt 00:01:13]} 39. Qb6 {[%clk 00:08:56] [%emt 00:00:05]} Qd8 {[%clk 00:01:19]
[%emt 00:00:23]} 40. Qb5 {[%clk 00:09:25] [%emt 00:00:02]} Qc7 {[%clk 00:00:46]
[%emt 00:01:02]} 41. Rf1 {[%clk 00:09:17] [%emt 00:00:38]} b6 {[%clk 00:12:51]
[%emt 00:38:26]} 42. Rf3 {[%clk 00:54:55] [%emt 00:04:51]} Rb7 {[%clk 00:12:16]
[%emt 00:01:05]} 43. Qe8 {[%clk 00:44:45] [%emt 00:10:41]} Qd8 {[%clk 00:10:33]
[%emt 00:02:13]} 44. Qb5 {[%clk 00:45:04] [%emt 00:00:10]} Ra7 {[%clk 00:10:35]
[%emt 00:00:29]} 45. Qc6 {[%clk 00:44:21] [%emt 00:01:12]} Be5 {[%clk 00:05:57]
[%emt 00:05:08]} 46. Rf1 {[%clk 00:41:16] [%emt 00:03:35]} Bf6 {[%clk 00:04:14]
[%emt 00:02:13]} 47. Rf3 {[%clk 00:41:30] [%emt 00:00:15]} Be5 {[%clk 00:03:30]
[%emt 00:01:15]} 48. Rf1 {[%clk 00:41:50] [%emt 00:00:11]} Kh7 {[%clk 00:03:04]
[%emt 00:00:55]} 49. Qb5 {[%clk 00:41:34] [%emt 00:00:46]} Kg7 {[%emt 00:01:49]}
1/2-1/2

[Site "Europe Echecs"]

[Event "Grand Swiss "]
[Date "2025.09.05"]
[White "Pranav, V"]
[Black "Vitiugov, Nikita"]
[WhiteElo "2596"]
[BlackElo "2666"]
[Round "2.2.34"]
[Result "1/2-1/2"]

1. e4 {[%clk 01:40:55] [%emt 00:00:05]} e5 {[%clk 01:39:57] [%emt 00:01:03]} 2.
Nf3 {[%clk 01:41:14] [%emt 00:00:10]} Nc6 {[%clk 01:40:23] [%emt 00:00:04]} 3.
Bb5 {[%clk 01:41:33] [%emt 00:00:11]} a6 {[%clk 01:40:46] [%emt 00:00:08]} 4.
Ba4 {[%clk 01:41:56] [%emt 00:00:07]} Nf6 {[%clk 01:41:07] [%emt 00:00:08]} 5.
O-O {[%clk 01:42:18] [%emt 00:00:08]} Be7 {[%clk 01:41:22] [%emt 00:00:15]} 6.
d3 {[%clk 01:42:39] [%emt 00:00:09]} b5 {[%clk 01:41:36] [%emt 00:00:17]} 7. Bb3
{[%clk 01:43:01] [%emt 00:00:08]} d6 {[%clk 01:41:55] [%emt 00:00:10]} 8. a3
{[%clk 01:43:19] [%emt 00:00:13]} O-O {[%clk 01:41:29] [%emt 00:00:56]} 9. Nc3
{[%clk 01:43:36] [%emt 00:00:13]} Nb8 {[%clk 01:41:53] [%emt 00:00:07]} 10. a4
{[%clk 01:38:51] [%emt 00:05:14]} b4 {[%clk 01:41:27] [%emt 00:00:56]} 11. Nd5
{[%clk 01:39:07] [%emt 00:00:14]} Nxd5 {[%clk 01:41:46] [%emt 00:00:10]} 12.
Bxd5 {[%clk 01:39:31] [%emt 00:00:07]} c6 {[%clk 01:42:07] [%emt 00:00:09]} 13.
Bc4 {[%clk 01:39:24] [%emt 00:00:37]} a5 {[%clk 01:41:12] [%emt 00:01:26]} 14.
Be3 {[%clk 01:37:36] [%emt 00:02:17]} Nd7 {[%clk 01:32:49] [%emt 00:08:53]} 15.
d4 {[%clk 01:27:56] [%emt 00:10:10]} Qc7 {[%clk 01:30:19] [%emt 00:03:00]} 16.
Re1 {[%clk 01:18:07] [%emt 00:10:19]} Nf6 {[%clk 01:23:07] [%emt 00:07:42]} 17.
Bg5 {[%clk 01:13:39] [%emt 00:04:58]} h6 {[%clk 01:09:16] [%emt 00:14:21]} 18.
Bh4 {[%clk 01:07:26] [%emt 00:06:43]} Bg4 {[%clk 01:05:18] [%emt 00:04:27]} 19.
dxe5 {[%clk 01:02:14] [%emt 00:05:43]} dxe5 {[%clk 01:05:01] [%emt 00:00:47]}
20. h3 {[%clk 01:02:03] [%emt 00:00:40]} Bh5 {[%clk 00:53:36] [%emt 00:11:55]}
21. Bxf6 {[%clk 00:43:56] [%emt 00:18:37]} Bxf6 {[%clk 00:51:52] [%emt
00:02:14]} 22. g4 {[%clk 00:44:14] [%emt 00:00:12]} Bg6 {[%clk 00:51:51] [%emt
00:00:31]} 23. Qe2 {[%clk 00:42:40] [%emt 00:02:05]} Rfd8 {[%clk 00:47:47] [%emt
00:04:33]} 24. Qe3 {[%clk 00:39:24] [%emt 00:03:47]} Qe7 {[%clk 00:36:52] [%emt
00:11:25]} 25. c3 {[%clk 00:38:32] [%emt 00:01:22]} Rab8 {[%clk 00:33:15] [%emt
00:04:07]} 26. cxb4 {[%clk 00:36:40] [%emt 00:02:22]} Rxb4 {[%clk 00:32:09]
[%emt 00:01:36]} 27. b3 {[%clk 00:36:56] [%emt 00:00:14]} Bg5 {[%clk 00:26:47]
[%emt 00:05:52]} 28. Nxg5 {[%clk 00:34:58] [%emt 00:02:28]} Qxg5 {[%clk
00:24:32] [%emt 00:02:45]} 29. Qxg5 {[%clk 00:22:12] [%emt 00:13:16]} hxg5
{[%clk 00:24:45] [%emt 00:00:16]} 30. Rad1 {[%clk 00:22:29] [%emt 00:00:13]}
Rbb8 {[%clk 00:19:32] [%emt 00:05:43]} 31. f3 {[%clk 00:22:28] [%emt 00:00:31]}
Kf8 {[%clk 00:19:19] [%emt 00:00:44]} 32. Rxd8+ {[%clk 00:22:46] [%emt
00:00:12]} Rxd8 {[%clk 00:19:44] [%emt 00:00:05]} 33. Rc1 {[%clk 00:23:06] [%emt
00:00:09]} Ke7 {[%clk 00:14:40] [%emt 00:05:35]} 34. Bf1 {[%clk 00:23:03] [%emt
00:00:33]} Kd6 {[%clk 00:13:24] [%emt 00:01:46]} 35. Rd1+ {[%clk 00:23:09] [%emt
00:00:24]} Kc7 {[%clk 00:13:41] [%emt 00:00:13]} 36. Rxd8 {[%clk 00:23:24] [%emt
00:00:15]} Kxd8 {[%clk 00:14:06] [%emt 00:00:05]} 37. Kf2 {[%clk 00:23:47] [%emt
00:00:06]} f6 {[%clk 00:11:17] [%emt 00:03:19]} 38. Ke3 {[%clk 00:23:53] [%emt
00:00:24]} Bf7 {[%clk 00:10:04] [%emt 00:01:43]} 39. Bc4 {[%clk 00:24:16] [%emt
00:00:08]} Bxc4 {[%clk 00:10:23] [%emt 00:00:11]} 40. bxc4 {[%clk 00:24:41]
[%emt 00:00:05]} 1/2-1/2

[Site "Europe Echecs"]

[Event "Grand Swiss "]
[Date "2025.09.05"]
[White "Artemiev, Vladislav"]
[Black "Ivanchuk, Vasyl"]
[WhiteElo "2664"]
[BlackElo "2608"]
[Round "2.2.35"]
[Result "1/2-1/2"]

1. d4 {[%clk 01:40:42] [%emt 00:00:16]} Nf6 {[%clk 01:39:39] [%emt 00:01:21]} 2.
c4 {[%clk 01:40:46] [%emt 00:00:26]} e6 {[%clk 01:40:05] [%emt 00:00:05]} 3. Nc3
{[%clk 01:40:29] [%emt 00:00:47]} Bb4 {[%clk 01:40:31] [%emt 00:00:05]} 4. Nf3
{[%clk 01:39:35] [%emt 00:01:23]} b6 {[%clk 01:39:46] [%emt 00:01:15]} 5. Bd2
{[%clk 01:37:36] [%emt 00:02:29]} O-O {[%clk 01:36:37] [%emt 00:03:38]} 6. e3
{[%clk 01:36:34] [%emt 00:01:32]} c5 {[%clk 01:36:21] [%emt 00:00:46]} 7. a3
{[%clk 01:25:25] [%emt 00:11:40]} Bxc3 {[%clk 01:33:48] [%emt 00:03:02]} 8. Bxc3
{[%clk 01:23:41] [%emt 00:02:15]} Ne4 {[%clk 01:34:12] [%emt 00:00:05]} 9. Rc1
{[%clk 01:23:26] [%emt 00:00:45]} d6 {[%clk 01:25:21] [%emt 00:09:19]} 10. Be2
{[%clk 01:19:25] [%emt 00:04:34]} Nd7 {[%clk 01:22:27] [%emt 00:03:22]} 11. O-O
{[%clk 01:12:34] [%emt 00:07:22]} Nxc3 {[%clk 01:22:18] [%emt 00:00:40]} 12.
Rxc3 {[%clk 01:12:55] [%emt 00:00:09]} Nf6 {[%clk 01:22:44] [%emt 00:00:04]} 13.
b4 {[%clk 00:54:51] [%emt 00:18:33]} Qe7 {[%clk 01:12:00] [%emt 00:11:13]} 14.
Qa1 {[%clk 00:35:54] [%emt 00:19:28]} Bb7 {[%clk 01:03:07] [%emt 00:09:23]} 15.
Nd2 {[%clk 00:28:01] [%emt 00:08:24]} Rfd8 {[%clk 00:54:34] [%emt 00:09:02]} 16.
Rd1 {[%clk 00:23:00] [%emt 00:05:32]} d5 {[%clk 00:40:44] [%emt 00:14:21]} 17.
dxc5 {[%clk 00:17:07] [%emt 00:06:22]} bxc5 {[%clk 00:40:56] [%emt 00:00:17]}
18. bxc5 {[%clk 00:16:37] [%emt 00:01:01]} dxc4 {[%clk 00:34:39] [%emt
00:06:47]} 19. Nxc4 {[%clk 00:12:59] [%emt 00:04:08]} Rxd1+ {[%clk 00:22:56]
[%emt 00:12:13]} 20. Qxd1 {[%clk 00:12:47] [%emt 00:00:42]} Qxc5 {[%clk
00:23:23] [%emt 00:00:03]} 21. Qd6 {[%clk 00:10:37] [%emt 00:02:40]} Qb5 {[%clk
00:23:39] [%emt 00:00:12]} 22. Rc2 {[%clk 00:01:32] [%emt 00:09:37]} Qb1+ {[%clk
00:14:39] [%emt 00:09:29]} 23. Qd1 {[%clk 00:01:58] [%emt 00:00:05]} Qxd1+
{[%clk 00:15:05] [%emt 00:00:04]} 24. Bxd1 {[%clk 00:02:25] [%emt 00:00:03]} Rd8
{[%clk 00:15:17] [%emt 00:00:17]} 25. Rd2 {[%clk 00:01:27] [%emt 00:01:29]} Rxd2
{[%clk 00:15:17] [%emt 00:00:29]} 26. Nxd2 {[%clk 00:01:54] [%emt 00:00:04]} Kf8
{[%clk 00:15:41] [%emt 00:00:06]} 27. f3 {[%clk 00:01:19] [%emt 00:01:04]} Ke7
{[%clk 00:15:47] [%emt 00:00:24]} 28. Kf2 {[%clk 00:01:32] [%emt 00:00:18]} Nd7
{[%clk 00:13:39] [%emt 00:02:38]} 29. e4 {[%clk 00:01:21] [%emt 00:00:40]} Kd6
{[%clk 00:13:49] [%emt 00:00:18]} 30. Be2 {[%clk 00:01:08] [%emt 00:00:46]} Nb6
{[%clk 00:12:41] [%emt 00:01:35]} 31. Ke3 {[%clk 00:01:22] [%emt 00:00:18]} e5
{[%clk 00:12:29] [%emt 00:00:42]} 32. Nc4+ {[%clk 00:01:03] [%emt 00:00:49]}
Nxc4+ {[%clk 00:12:51] [%emt 00:00:09]} 33. Bxc4 {[%clk 00:01:30] [%emt
00:00:03]} f6 {[%clk 00:13:16] [%emt 00:00:05]} 34. Kd3 {[%clk 00:01:52] [%emt
00:00:08]} Kc5 {[%clk 00:13:06] [%emt 00:00:40]} 35. Kc3 {[%clk 00:02:08] [%emt
00:00:14]} Bc8 {[%clk 00:12:25] [%emt 00:01:10]} 36. Be2 {[%clk 00:00:53] [%emt
00:01:46]} Be6 {[%clk 00:12:39] [%emt 00:00:16]} 37. Bd3 {[%clk 00:01:16] [%emt
00:00:06]} Bf7 {[%clk 00:12:13] [%emt 00:00:55]} 38. Be2 {[%clk 00:01:26] [%emt
00:00:21]} g5 {[%clk 00:12:18] [%emt 00:00:25]} 39. Bd3 {[%clk 00:01:20] [%emt
00:00:37]} h5 {[%clk 00:12:19] [%emt 00:00:28]} 40. Bf1 {[%clk 00:00:52] [%emt
00:00:58]} h4 {[%clk 00:12:25] [%emt 00:00:24]} 41. h3 {[%clk 00:43:12] [%emt
00:08:10]} Be6 {[%clk 00:56:57] [%emt 00:05:58]} 42. Bd3 {[%clk 00:42:08] [%emt
00:01:34]} Bd7 {[%clk 00:57:04] [%emt 00:00:23]} 43. Be2 {[%clk 00:10:21] [%emt
00:32:17]} f5 {[%clk 00:54:10] [%emt 00:03:24]} 44. exf5 {[%clk 00:10:37] [%emt
00:00:15]} Bxf5 {[%clk 00:54:37] [%emt 00:00:02]} 45. Bd3 {[%clk 00:09:21] [%emt
00:01:46]} Bxd3 {[%clk 00:31:09] [%emt 00:23:58]} 46. Kxd3 {[%clk 00:09:02]
[%emt 00:00:49]} Kd5 {[%clk 00:31:37] [%emt 00:00:02]} 47. Ke3 {[%clk 00:07:25]
[%emt 00:02:07]} a5 {[%clk 00:31:58] [%emt 00:00:09]} 48. Kd3 {[%clk 00:07:07]
[%emt 00:00:48]} a4 {[%clk 00:32:10] [%emt 00:00:18]} 49. Kc3 {[%clk 00:07:24]
[%emt 00:00:14]} e4 {[%clk 00:31:06] [%emt 00:01:33]} 50. fxe4+ {[%clk 00:07:48]
[%emt 00:00:06]} Kxe4 {[%clk 00:31:28] [%emt 00:00:07]} 51. Kb4 {[%clk 00:08:08]
[%emt 00:00:11]} Kf4 {[%clk 00:30:49] [%emt 00:01:06]} 52. Kxa4 {[%clk 00:08:32]
[%emt 00:00:09]} Kg3 {[%clk 00:31:16] [%emt 00:00:03]} 53. Kb5 {[%clk 00:06:44]
[%emt 00:02:19]} Kxg2 {[%clk 00:31:33] [%emt 00:00:12]} 54. a4 {[%clk 00:07:08]
[%emt 00:00:07]} Kxh3 {[%clk 00:26:05] [%emt 00:05:58]} 55. a5 {[%clk 00:06:07]
[%emt 00:01:30]} g4 {[%clk 00:26:33] [%emt 00:00:02]} 56. a6 {[%clk 00:06:33]
[%emt 00:00:05]} g3 {[%clk 00:26:57] [%emt 00:00:05]} 57. a7 {[%clk 00:07:00]
[%emt 00:00:04]} g2 {[%clk 00:27:23] [%emt 00:00:03]} 58. a8=Q {[%clk 00:07:22]
[%emt 00:00:08]} g1=Q {[%clk 00:27:51] [%emt 00:00:03]} 59. Qc8+ {[%clk
00:03:13] [%emt 00:04:39]} Qg4 {[%clk 00:14:30] [%emt 00:13:48]} 60. Qc3+ {[%clk
00:03:39] [%emt 00:00:07]} Qg3 {[%clk 00:14:28] [%emt 00:00:31]} 61. Qc8+ {[%clk
00:04:03] [%emt 00:00:06]} Kg2 {[%clk 00:14:22] [%emt 00:00:36]} 62. Qc2+ {[%clk
00:03:27] [%emt 00:01:07]} Qf2 {[%clk 00:14:21] [%emt 00:00:30]} 63. Qe4+ {[%clk
00:01:18] [%emt 00:02:39]} Kg1 {[%clk 00:12:49] [%emt 00:02:00]} 64. Qg6+ {[%clk
00:13:33] [%emt 00:03:17]} Qg2 {[%clk 00:26:47] [%emt 00:01:30]} 65. Qb6+ {[%clk
00:10:51] [%emt 00:03:14]} Kh1 {[%clk 00:26:43] [%emt 00:00:33]} 66. Qe6 {[%clk
00:01:08] [%emt 00:10:13]} h3 {[%clk 00:18:45] [%emt 00:08:29]} 67. Qe1+ {[%clk
00:01:32] [%emt 00:00:06]} Kh2 {[%clk 00:18:21] [%emt 00:00:52]} 68. Qe5+ {[%clk
00:01:59] [%emt 00:00:05]} Qg3 {[%clk 00:18:36] [%emt 00:00:12]} 69. Qe2+ {[%clk
00:01:47] [%emt 00:00:45]} Kg1 {[%clk 00:18:58] [%emt 00:00:06]} 70. Qd1+ {[%clk
00:02:14] [%emt 00:00:04]} Kg2 {[%clk 00:19:21] [%emt 00:00:07]} 71. Qe2+ {[%clk
00:01:23] [%emt 00:01:22]} Qf2 {[%clk 00:19:44] [%emt 00:00:05]} 72. Qg4+ {[%clk
00:00:55] [%emt 00:00:58]} Kh2 {[%clk 00:20:07] [%emt 00:00:07]} 73. Ka5 {[%clk
00:00:43] [%emt 00:00:44]} Qe1+ {[%clk 00:10:45] [%emt 00:09:51]} 74. Ka4 {[%clk
00:00:57] [%emt 00:00:16]} Qe3 {[%emt 00:04:32]} 75. Kb4 {[%clk 00:01:13] [%emt
00:00:09]} Kh1 {[%clk 00:06:11] [%emt 00:01:06]} 76. Ka4 {[%clk 00:01:20] [%emt
00:00:24]} h2 {[%clk 00:05:44] [%emt 00:00:58]} 77. Ka5 {[%clk 00:01:10] [%emt
00:00:40]} Qa7+ {[%clk 00:03:40] [%emt 00:02:34]} 78. Kb4 {[%clk 00:01:14] [%emt
00:00:25]} Qb6+ {[%clk 00:03:44] [%emt 00:00:26]} 79. Ka4 {[%clk 00:01:32] [%emt
00:00:13]} Qa6+ {[%clk 00:02:44] [%emt 00:01:29]} 80. Kb4 {[%clk 00:01:55] [%emt
00:00:08]} Qc6 {[%clk 00:03:01] [%emt 00:00:11]} 81. Qd1+ {[%clk 00:01:10] [%emt
00:01:16]} Kg2 {[%clk 00:03:26] [%emt 00:00:05]} 82. Qe2+ {[%clk 00:01:15] [%emt
00:00:25]} Kg3 {[%clk 00:03:04] [%emt 00:00:51]} 83. Qe5+ {[%clk 00:01:39] [%emt
00:00:08]} Kh3 {[%clk 00:03:18] [%emt 00:00:14]} 84. Qh5+ {[%clk 00:02:03] [%emt
00:00:08]} Kg3 {[%clk 00:03:42] [%emt 00:00:06]} 1/2-1/2

[Site "Europe Echecs"]